000 00505pab a2200193 454500
008 180718b2000 xxu||||| |||| 00| 0 eng d
100 _aFan, Shenggen
245 _aImpact of public expenditure on poverty in rural India
260 _c2000
300 _ap.3581-588
362 _a30 Sep
650 _aPublic expenditure - India
650 _aPoverty - India
650 _aPoverty
700 _aThorat, S.K.
700 _aHazell, Peter
773 _aEconomic and Political Weekly
909 _a46411
999 _c46411
_d46411